000 01209nam a22003617a 4500
003 CHAP
005 20220329134534.0
008 971013s1994 r 00010 d
010 _a21854
011 _a22826
035 _a26921
040 _cCHAP
090 _aTesis
100 0 0 _aBaltazar Nieto, Fabián Javier.
_99776
245 _aPerspectivas del minifundio (Caso : Zapotitlán de Méndez, Puebla)
260 _aChapingo, Méx. :
_bEl autor,
_c1994
300 _a182 h.
502 _aTesis (Ing. Agr. Esp. en Sociología Rural) -- UACH. Departamento de Sociología Rural
590 _aALEPH
_b10
_c20130110
_lUCH01
_h1246
590 _aBATCH-UPD
_b10
_c20130110
_lUCH01
_h2031
590 _aBATCH-UPD
_b10
_c20130410
_lUCH01
_h1347
590 _aBATCH-UPD
_b10
_c20130914
_lUCH01
_h0529
590 _aCONVERSION
_b10
_c20130109
_lUCH01
_h1313
650 1 4 _aCafé
_xMercadeo.
_917169
650 1 4 _aCafé
_zPuebla.
_917214
650 1 4 _aCrisantemo.
_928941
650 1 4 _aPolítica agrícola
_xPuebla.
_990353
650 1 4 _aTierras
_xTenencia
_xPuebla.
_9113193
901 _aBK
942 _cFOLL
949 _bBC
_cTES
_d-62122
_eTS1
_h30318
_i26921
_si
949 _bBC
_cTES
_d-62124
_eTS2
_fc.2
_h30319
_i26921
_si
999 _c21854
_d21854